| 000 | 00894nam a22002897a 4500 | ||
|---|---|---|---|
| 003 | CHAP | ||
| 005 | 20220329134407.0 | ||
| 008 | 971013s1950 r 00010 d | ||
| 010 | _a19867 | ||
| 011 | _a20839 | ||
| 035 | _a24928 | ||
| 040 | _cCHAP | ||
| 082 |
_a633.51 _bA53 |
||
| 100 | 0 | 0 |
_aAndrews, W. B. _eed. _95711 |
| 245 | _aCotton production, marketing and utilization | ||
| 260 |
_aRichmond, Va., : _bWilliam Byrd Press, _c1950 |
||
| 300 |
_a476 p. _b: ilus. ; gráfs |
||
| 590 |
_aBATCH-UPD _b10 _c20130110 _lUCH01 _h1153 |
||
| 590 |
_aBATCH-UPD _b10 _c20130410 _lUCH01 _h0736 |
||
| 590 |
_aBATCH-UPD _b10 _c20130914 _lUCH01 _h0105 |
||
| 590 |
_aCONVERSION _b10 _c20130109 _lUCH01 _h1312 |
||
| 650 | 1 | 4 |
_aAlgodon _xMercadeo. _94036 |
| 650 | 1 | 4 |
_aAlgodón _xRendimiento. _94053 |
| 901 | _aBK | ||
| 942 | _cLIBRO | ||
| 949 |
_a633.51 A53 _bBC _cLIBRO _d33724000218889 _eLIBRO _h72871 _i24928 _mD _si |
||
| 999 |
_c19867 _d19867 |
||